000 00502nam a2200181Ia 4500
008 240925s9999 xx 000 0 und d
020 _a9781785942563
082 _a650.12 TRU
100 _aTrump, Donald J.
245 0 _aHow to Get Rich: the secrets of business success from the star of the apprentice.
250 _aNA
260 _aLondon:
_bBBC Books
_c,2004.
300 _a110p.
_b0
_fOriginal
500 _aIncludes Index
600 _aSocial Sciences
650 _aManagement
942 _cBK
999 _c17117
_d17117